| 000 | 00683nam a2200229Ia 4500 | ||
|---|---|---|---|
| 003 | OSt | ||
| 005 | 20251104163253.0 | ||
| 008 | 210210b1999 xxu||||| |||| 00| 0 eng d | ||
| 040 | _cAL | ||
| 041 | _aKannada | ||
| 082 | _a923.3K MALK | ||
| 100 |
_aMALLAPPA (N). _dಮಲ್ಲಪ್ಪ (ಎನ್) _9243899 |
||
| 245 |
_aKaleda a dinagalu: atmakathe _b ಕಳೆದ ಒಂದು ದಿನಗಳು: ಆತ್ಮಕಥೆ |
||
| 260 |
_aBengaluru _bKannada Pustaka Pradhikara _c1999 |
||
| 300 | _axix,268 | ||
| 650 |
_aKaleda _9243900 |
||
| 650 |
_adinagalu: _9243901 |
||
| 650 |
_aatmakathe _9243902 |
||
| 690 |
_aAutobiography _9243903 |
||
| 906 | _aSG03996 | ||
| 942 |
_2ddc _cBK |
||
| 999 |
_c114987 _d114987 |
||